| 000 | 00959nam a2200313 i 4500 | ||
|---|---|---|---|
| 003 | EG-GICUC | ||
| 005 | 20260218122911.0 | ||
| 008 | 260218s1987 fr |fr|||| 001 0 eng d | ||
| 020 | _a2881450075 | ||
| 040 |
_aEG-GiCUC _beng _cEG-GiCUC _dEG-GiCUC _erda |
||
| 041 | 0 | _aeng | |
| 082 | 0 | 4 |
_221 _a341.6 _bKA . C |
| 092 | 0 | 4 | _221 |
| 099 | _aLaw1 11 341.6 KA . C 1987 | ||
| 100 | 1 |
_aKalshoven, Frits _eAuthor. |
|
| 245 | 0 | 0 |
_aConstraints On The Waging Of War / _cFrits Kalshoven. |
| 264 | 1 |
_aGeneva : _bInternational Committee Of The Red Cross _c1987. |
|
| 300 |
_a175 pages, _c24 cm |
||
| 336 |
_2rda content _atext |
||
| 337 |
_2rda media _aComputer |
||
| 338 |
_2rda carrier _aOnline Resource |
||
| 504 | _aIncludes bibliographical references. | ||
| 504 | _a | ||
| 546 | _aText in English | ||
| 650 | 1 | 4 | _aPublic international law |
| 856 | 4 | 0 | _uhttps://fll.law.cu.edu.eg/fulltext/bks/B11-08054.pdf |
| 905 | _a48 | ||
| 942 |
_2ddc _cBK _e21 _n0 |
||
| 999 |
_c63541 _d63541 |
||